000 00406nam a2200133Ia 4500
008 231221s9999 xx 000 0 und d
020 _a978-0-85729-247-6
041 _aEnglish
100 _aRisto Sarvas, David M. Frohlich
245 0 _aFrom Snapshots to Social Media - The Changing Picture of Domestic Photography
260 _c2011
_bSpringer US
_aNew York
650 _aComputer Science
942 _cEB
999 _c218379
_d218379